Μαθαίνοντας στο internet : αρχαία-νέα-ιστορία
Saved in:
| Main Author: | |
|---|---|
| Format: | Book |
| Language: | Greek |
| Published: |
Αθήνα :
Καστανιώτης,
2001
|
| Subjects: | |
| Tags: |
Add Tag
No Tags, Be the first to tag this record!
|
MARC
| LEADER | 00000cam a2200000 i 4500 | ||
|---|---|---|---|
| 001 | 1/31370 | ||
| 008 | 130610s2001 gr | ||| |||| ||gre|| | ||
| 020 | |a 9600330646 (pbk.) | ||
| 035 | |l 10114725 | ||
| 040 | |a GR-MY-UA |b gre |e aacr | ||
| 041 | 0 | |a gre | |
| 082 | 0 | |a 371.334 |2 (22) | |
| 100 | 1 | |a Κασκαντάμη, Μαρία Β. | |
| 245 | 1 | 0 | |a Μαθαίνοντας στο internet : |b αρχαία-νέα-ιστορία / |c Μαρία Β. Κασκαντάμη |
| 260 | |a Αθήνα : |b Καστανιώτης, |c 2001 | ||
| 300 | |a 110 σ.; |b εικ.; |c 28 εκ. | ||
| 500 | |a Για όλες τις τάξεις γυμνασίου και λυκείου | ||
| 504 | |a Βιβλιογραφία: σ.109-110 | ||
| 650 | 0 | 0 | |a Internet in education |z Greece. |
| 650 | 0 | 0 | |a Teaching |x Computer network resources |z Greece. |
| 650 | 0 | 0 | |a History |x Study and teaching |z Greece. |
| 852 | |a INST |b CHIOS |c EUDOXUS |e 20130610 |h 371.334 ΚΑΣ |p 005200035208 |q 005200035208 |t EDX |y 0 | ||
| 901 | |a BIBL2-2013-2 | ||
| 909 | |a Χ |b 175622 | ||
| 920 | |a ΕΥΔΟΞΟΣ |b ΠΑΡΑΓΓΕΛΙΑ |y Χίος |z 2013-05 | ||
| 970 | |a ΣΠΕΝΤΖΑ |b ΕΛΕΝΗ |z 2013/06/10 | ||